000 00587nam a22002177a 4500
003 UA-OsUOA
001 60902
007 ta
008 20090610b un ||||| |||| 00| 0 ukr d
100 _aКуликов В.
090 _a330
_bК90
942 _cSA
040 _aUA-OsUOA
_brus
_cUA-OsUOA
_dUA-OsUOA
245 _aО "болевых точках" социально-экономического азвития России
300 _aС.3-17
955 _a0
041 _arus
080 _a330
773 0 _w60901
650 7 _a330 Економіка взагалі
_2UDC
999 _c347024
_d347024